Score 0/12 Timer 04:00
0 Plays Today
% Correct
McDonald's
63.9%
Subway
62.6%
KFC
62.2%
Domino's
60.7%
Taco Bell
53.8%
Burger King
52%
Carl's Jr.
44%
Dunkin'
31.3%
Starbucks
22.8%
Dairy Queen
21.3%
Papa John's
20.5%
Pizza Hut
17.8%
Remove Ads.
Support Sporcle.
Get the best of Sporcle when you Go Orange. This ad-free experience offers more features, more stats, and more fun while also helping to support Sporcle. Thank you for becoming a member.

You're not logged in!

Compare scores with friends on all Sporcle quizzes.
OR
Log In

Show Comments

Extras

Top Quizzes Today


Score Distribution

Your Account Isn't Verified!

In order to create a playlist on Sporcle, you need to verify the email address you used during registration. Go to your Sporcle Settings to finish the process.

Report this User

Report this user for behavior that violates our Community Guidelines.

Details: